000 00668nam a2200217 a 4500
001 1390090
005 20250221192157.0
008 820825s1983 maua 000 0 eng
020 _c$3.00 (pbk.)
050 0 0 _aRC931.O67
_bL43 1983
082 0 0 _a616.7/22
_219
245 0 0 _aLearning to live with osteoarthritis.
260 _aBoston, Mass. (65 Franklin St., Boston 02110) :
_bMIPI,
_c1983.
300 _a62 p. :
_bill. ;
_c23 cm.
440 0 _aPatient information books
650 0 _aOsteoarthritis.
650 0 _aOsteoarthritis
_xPatients
_xRehabilitation.
650 0 _aExercise therapy.
710 2 _aMedicine in the Public Interest, inc.
942 _2lcc
_cBK
_n0
999 _c4062
_d4062